000 00523cam a2200169 4500500
005 20260329003203.0
041 _afre
042 _adc
100 1 0 _aN’Diaye, Aïda
_eauthor
245 0 0 _aMission impensable. Marx et “Le Capital”
260 _c2014.
500 _a2
690 _aCapital
690 _aMarx
786 0 _nPhilosophie magazine | 85 | 12-1 | 2014-12-01 | p. 54-54 | 1951-1787
856 4 1 _uhttps://shs.cairn.info/magazine-philosophie-magazine-2014-12-1-page-54?lang=fr&redirect-ssocas=7080
999 _c1822204
_d1822204